00926nam a2200289 u 450000100070000000500170000700800410002403500110006504000130007604100080008908200080009710000390010524501190014426000430026330000140030665000380032065000270035865000250038565000330041065000310044365000280047465000370050265100570053965100200059650200120061652600080062832661820260506082654.0981217s1998 ||||||m| spa  a326618 ccomduadb aspa 4a57210aAguirre Galeano, Liliana4auteaut10aEconomia y medio ambiente en la vereda Piedra Gorda del Corregimiento de Santa Elena: de floricultores a tierreros aMedellín :b[sin publicador],c1998. a214 hojas aVereda Piedra Gorda (Santa Elena) aMedellín (Antioquia) aAntioquia (Colombia) aImpacto ambiental - España 7aEconomía ambiental2lemb 7aEcología humana2lemb 7aAntropología económica2lemb 4aCorregimiento de Santa Elena (Medellín, Antioquia) 7aColombia2embne b103c12 a104